000 00569nam a2200193Ia 4500
005 20260114185820.0
008 008 260114s9999 xx 000 0 eng d
020 _a9781474253192
037 _aEBOOK
040 _aCRL
_beng
_cCRL
041 _aeng
_2eng
084 _qCRL
100 _aNoa Roei
_9874735
245 0 _aCivic Aesthetics Militarism, Israeli Art and Visual Culture
260 _bBloomsbury
_c2016
856 _uhttps://doi.org/10.5040/9781474253192?locatt=label:secondary_bloomsburyCollections
942 _cEBOOK
999 _c1473669
_d1473669